000 00372nam a2200145Ia 4500
008 220216s9999 xx 000 0 und d
100 _aMernagh L R
245 0 _aTyres : The largest single market for rubber 1 - Road vehicles
260 _bRubber Developments
_c1948
300 _a19-25
650 _aRoad vehicles
650 _aRubber
650 _aTyre
942 _cJS
999 _c71692
_d71692